<?xml version="1.0" encoding="UTF-8"?><?xml-stylesheet type="text/xsl" href="static/style.xsl"?><OAI-PMH xmlns="http://www.openarchives.org/OAI/2.0/" xmlns:xsi="http://www.w3.org/2001/XMLSchema-instance" xsi:schemaLocation="http://www.openarchives.org/OAI/2.0/ http://www.openarchives.org/OAI/2.0/OAI-PMH.xsd"><responseDate>2026-06-02T05:56:29Z</responseDate><request verb="GetRecord" identifier="oai:riuma.uma.es:10630/34531" metadataPrefix="marc">https://riuma.uma.es/rest/oai/request</request><GetRecord><record><header><identifier>oai:riuma.uma.es:10630/34531</identifier><datestamp>2026-02-03T10:58:48Z</datestamp><setSpec>com_10630_2254</setSpec><setSpec>col_10630_37953</setSpec></header><metadata><record xmlns="http://www.loc.gov/MARC21/slim" xmlns:dcterms="http://purl.org/dc/terms/" xmlns:doc="http://www.lyncode.com/xoai" xmlns:xsi="http://www.w3.org/2001/XMLSchema-instance" xsi:schemaLocation="http://www.loc.gov/MARC21/slim http://www.loc.gov/standards/marcxml/schema/MARC21slim.xsd">
   <leader>00925njm 22002777a 4500</leader>
   <datafield ind2=" " ind1=" " tag="042">
      <subfield code="a">dc</subfield>
   </datafield>
   <datafield ind2=" " ind1=" " tag="720">
      <subfield code="a">Collado-Campaña, Francisco</subfield>
      <subfield code="e">author</subfield>
   </datafield>
   <datafield ind2=" " ind1=" " tag="720">
      <subfield code="a">Jiménez Díaz, José Francisco</subfield>
      <subfield code="e">author</subfield>
   </datafield>
   <datafield ind2=" " ind1=" " tag="260">
      <subfield code="c">2019</subfield>
   </datafield>
   <datafield ind2=" " ind1=" " tag="520">
      <subfield code="a">Las publicaciones sobre liderazgo político en Andalucía han destacado la investigación de dirigentes autonómicos y nacionales, pero existen pocos análisis de líderes en el ámbito municipal. Este artículo presenta un estudio de caso del líder Juan Francisco Megino, alcalde de la ciudad de Almería entre 1995 y 1999, que más tarde fundó su propio partido (Grupo Independiente por Almería, GIAL) para recuperar el poder local. Una vez expuestas las premisas de partida y el enfoque analítico, se contextualiza y se examina detalladamente la evolución del liderazgo de Megino. Entre los resultados destaca la dificultad para renovar el liderazgo en partidos políticos independientes de ámbito local y la intensa vinculación entre líder y partido.</subfield>
   </datafield>
   <datafield ind1="8" ind2=" " tag="024">
      <subfield code="a">Collado-Campaña, F., &amp; Jiménez-Díaz, J.-F. (2019). El liderazgo facilitador de Juan Francisco Megino en el Grupo Independiente por Almería (GIAL). ANDULI. Revista Andaluza De Ciencias Sociales, (18), 149–170. https://doi.org/10.12795/anduli.2019.i18.07</subfield>
   </datafield>
   <datafield ind1="8" ind2=" " tag="024">
      <subfield code="a">https://hdl.handle.net/10630/34531</subfield>
   </datafield>
   <datafield ind1="8" ind2=" " tag="024">
      <subfield code="a">https://doi.org/10.12795/anduli.2019.i18.07</subfield>
   </datafield>
   <datafield tag="653" ind2=" " ind1=" ">
      <subfield code="a">Liderazgo político - Andalucía</subfield>
   </datafield>
   <datafield tag="653" ind2=" " ind1=" ">
      <subfield code="a">Sociología política - Andalucía</subfield>
   </datafield>
   <datafield ind2="0" ind1="0" tag="245">
      <subfield code="a">El liderazgo facilitador de Juan Francisco Megino en el Grupo Independiente por Almería</subfield>
   </datafield>
</record>
</metadata></record></GetRecord></OAI-PMH>